1714 1293 1105 1483 1503 1844 1144 1353 1949 1099 1578 1551 1669 1804 1418 1972 1523 1856 1897 1164 1017 1625 1715 1126 1770 1232 1108 1201 1415 1768 1033 1965 1003 1184 1158 1301 1357 1337 1904 1737 1689 1021 1751 1575 1228 2000 1081 1819 1785 1987 1352 1119 1213 1783 1921 1790 1487 1406 1034 1405 1322 1525 1369 1489 1347 1096 1763 1409 1673 1091 1710 1201 1693 1436 1588 1991 1245 1314 1861 1768 1279 1908 1080 1018 1509 1345 1992 1416 1154 1412 1693 1653 1919 1552 1771 1987 1185 1092 1211 BCNSPRNW ULIB Ver.6.0+V

เปลี่ยนเป็นภาษาไทย

Change to English
 แสดงรายละเอียดบรรณานุกรม
  กลับหน้าหลัก

Brief Record : Get Marc (ISO 2709) : E-mail record : QR code < ปิดหน้าต่าง
LEADER : 00000nam 2200000uu 4500
001    13399126775
003     ULIB
008    190304s||||||||th 000 0 tha d
020    ^a9786164260139
060    ^aWG100 ก185ส
100    ^aกรองกาญจน์ ชูทิพย์
245    ^aสรีรวิทยาระบบหัวใจร่วมหลอดเลือดกับการประยุกต์ใช้ทางเภสัชวิทยา
250    ^aพิมพ์ครั้งที่ 2
260    ^aพิษณุโลก :^bมหาวิทยาลัยนเรศวร,^c2561
300    ^a562 หน้า^bภาพประกอบ, ตาราง
650    ^aระบบหัวใจร่วมหลอดเลือด
650    ^aสรีรวิทยา
650    ^aหัวใจ
945    ^p590^l0^i27209
999    ^aกัณชพร จุลอักษร
รายการนี้ยังไม่มีแท็ก
คุณยังไม่ได้ล็อกอิน คุณสามารถมีกิจกรรมร่วมกับเว็บไซต์ได้ แต่ต้องล็อกอินก่อน ::
  ล็อกอิน

รายการสื่อสารสนเทศ

ลำดับที่ ประเภท เลขเรียก/บาร์โค้ด สถานที่ สถานะ
1. วิทยาศาสตร์การแพทย์ และสุขภาพ
วิทยาศาสตร์การแพทย์ และสุขภาพ
WG100 ก185ส ฉ.1 
  Barcode: 27209
ห้องสมุดวิทยาเขตนครสวรรค์
►หนังสือทั่วไป:l:General Books
บนชั้น

รายการใกล้เคียง
    ชื่อเรื่อง [สรีรวิทยาระบบหัวใจร่วมหลอดเลือดกับการประยุกต์ใช้ทางเภสัชวิทยา]

    ผู้แต่ง [กรองกาญจน์ ชูทิพย์]

    หัวเรื่อง [ระบบหัวใจร่วมหลอดเลือด]
    หัวเรื่อง [สรีรวิทยา]
    หัวเรื่อง [หัวใจ]

BibComment


ยังไม่เคยถูกคอมเมนท์

คอมเมนท์ทรัพยากรรายการนี้
  คอมเมนท์: สรีรวิทยาระบบหัว..


 Copyright 2026. Bcnsprnw @Library